Paradoxes of european foreign policy <the> instruments of European union foreign policy

Salvato in:
Dettagli Bibliografici
Autore principale: Smith, Karen Elizabeth
Natura: Libro
Lingua:inglese
Pubblicazione: San Domenico (FI) European University Institute/Robert Schuman Centre 1997
Serie:EUI Working paper RSC No. 97/68
Soggetti:
Tags: Aggiungi Tag
Nessun Tag, puoi essere il primo ad aggiungerne!!

MARC

LEADER 00000nam a2200000 4500
001 c134652
005 20221124073757.7
041 0 |a eng 
044 |a IT 
245 1 0 |a Paradoxes of european foreign policy  |b <the> instruments of European union foreign policy  |c Karen Elizabeth Smith 
264 1 |a San Domenico (FI)  |b European University Institute/Robert Schuman Centre  |c 1997 
300 |a 29 s. 
490 1 |a EUI Working paper RSC  |v No. 97/68 
830 0 |a EUI Working paper RSC  |v No. 97/68 
610 2 0 |a politika zahraničná 
610 2 0 |a diplomacia 
610 2 0 |a integrácia ekonomická medzinárodná 
610 2 0 |a vojenstvo 
610 2 0 |a politika hospodárska 
610 2 0 |a paradoxy 
610 2 0 |a Európska únia 
100 1 |a Smith, Karen Elizabeth